[Event "FRM-chT2 20th"]
[Site "Andrijevica"]
[Date "2011.09.10"]
[Round "3"]
[White "Babovic, Boris"]
[Black "Drcelic, Sreten"]
[Result "0-1"]
[WhiteElo "2048"]
[BlackElo "2235"]
[PlyCount "56"]
[EventDate "2011.09.09"]
[EventType "team"]
[EventRounds "7"]
[EventCountry "MNE"]
[SourceTitle "CBM 144 Extra"]
[Source "ChessBase"]
[SourceDate "2011.10.28"]
[SourceVersion "1"]
[SourceVersionDate "2011.10.28"]
[SourceQuality "1"]

1. e4 d6 2. d4 Nf6 3. Nc3 c6 4. f4 Qa5 5. Bd3 e5 6. dxe5 dxe5 7. Nf3 exf4 8. Bxf4 Bc5 9. Qd2 Ng4 10. Rf1 b5 11. h3 b4 12. hxg4 bxc3 13. bxc3 Bxg4 14. Bxb8 Rxb8 15. Qf4 Qxc3+ 16. Ke2 Bxf3+ 17. Rxf3 0-0 18. Rh1 Rb2 19. Rg3 g6 20. Rc1 Qd4 21. Rh1 Re8 22. Rxh7 Qf2+ 23. Qxf2 Bxf2 24. Rgh3 Bd4 25. Bc4 Bg7 26. Bd3 c5 27. R7h4 c4 28. Bxc4 Rxc2+ 0-1

[Event "MNT-chT 2nd League"]
[Site "Montenegro"]
[Date "2010.09.05"]
[Round "1.3"]
[White "Ljujic, Budimir"]
[Black "Babovic, Boris"]
[Result "1/2-1/2"]
[WhiteElo "1882"]
[BlackElo "2043"]
[PlyCount "44"]
[EventDate "2010.09.05"]
[EventType "team-tourn"]
[EventRounds "5"]
[EventCountry "MNE"]
[SourceTitle "EXT 2019"]
[Source "ChessBase"]
[SourceDate "2018.10.10"]
[SourceVersion "1"]
[SourceVersionDate "2018.10.10"]
[SourceQuality "1"]

1. e4 Nf6 2. Nc3 d5 3. e5 Nfd7 4. d4 e6 5. Nf3 c5 6. Be3 a6 7. Be2 Nc6 8. 0-0 Qc7 9. Re1 Be7 10. Bf1 b5 11. a3 Bb7 12. Qd2 Rc8 13. Rac1 b4 14. axb4 cxd4 15. Bxd4 Bxb4 16. Qg5 Nxd4 17. Nxd4 Bxc3 18. bxc3 Qxc3 19. Qxg7 Ke7 20. Qg5+ Ke8 21. Qg7 Ke7 22. Qg5+ Ke8 1/2-1/2

[Event "Podgorica Rating"]
[Site "Podgorica"]
[Date "2010.01.17"]
[Round "8"]
[White "Babovic, Boris"]
[Black "Zivkovic, Slaven"]
[Result "1-0"]
[WhiteElo "2050"]
[BlackElo "1671"]
[PlyCount "49"]
[EventDate "2010.01.11"]
[EventType "tourn"]
[EventRounds "9"]
[EventCountry "MNE"]
[SourceTitle "EXT 2012"]
[Source "ChessBase"]
[SourceDate "2011.11.24"]
[SourceVersion "1"]
[SourceVersionDate "2011.11.24"]
[SourceQuality "1"]

1. e4 c6 2. d4 d5 3. exd5 cxd5 4. c4 Nf6 5. Nf3 Nc6 6. Nc3 e6 7. Bf4 dxc4 8. Bxc4 Bd6 9. Qd2 a6 10. 0-0 0-0 11. a4 Qc7 12. Bxd6 Qxd6 13. Rfd1 Rd8 14. Qe2 Qb4 15. h3 b6 16. d5 Na5 17. dxe6 Bxe6 18. Bxe6 Re8 19. Bxf7+ Kxf7 20. Qc2 Rac8 21. Qf5 Rc5 22. Nd5 Qb3 23. Ng5+ Kf8 24. Nxh7+ Kf7 25. Nhxf6 1-0

[Event "Podgorica Rating"]
[Site "Podgorica"]
[Date "2010.01.14"]
[Round "4"]
[White "Babovic, Boris"]
[Black "Stojanovic, Blazo"]
[Result "1-0"]
[WhiteElo "2050"]
[BlackElo "1701"]
[PlyCount "75"]
[EventDate "2010.01.11"]
[EventType "tourn"]
[EventRounds "9"]
[EventCountry "MNE"]
[SourceTitle "EXT 2012"]
[Source "ChessBase"]
[SourceDate "2011.11.24"]
[SourceVersion "1"]
[SourceVersionDate "2011.11.24"]
[SourceQuality "1"]

1. e4 d5 2. exd5 Qxd5 3. Nc3 Qa5 4. d4 c6 5. Nf3 Nf6 6. Bc4 e6 7. 0-0 Be7 8. Qe2 0-0 9. Bg5 Nbd7 10. Rad1 b5 11. Bb3 Nb6 12. Ne5 Bb7 13. Nxf7 Rxf7 14. Bxe6 b4 15. Bxf6 Bxf6 16. Ne4 Rd8 17. Rfe1 Kf8 18. Bxf7 Ba6 19. Qe3 Nc4 20. Bxc4 Bxc4 21. Nd6 Bf7 22. Nxf7 Kxf7 23. Qe6+ Kf8 24. Qxc6 Qxa2 25. b3 Qb2 26. Re4 Qc3 27. Qb5 Qxc2 28. Rde1 Qc8 29. d5 Qb8 30. Qc5+ Qd6 31. Re8+ Kf7 32. Qxa7+ Rd7 33. Qa5 Qxd5 34. Qxb4 Rb7 35. Rf8+ Kg6 36. Qg4+ Kh6 37. Re6 Re7 38. Rfxf6+ 1-0

[Event "Podgorica Rating"]
[Site "Podgorica"]
[Date "2010.01.11"]
[Round "1"]
[White "Babovic, Boris"]
[Black "Jankovic, Slobodan"]
[Result "1-0"]
[WhiteElo "2050"]
[BlackElo "1871"]
[PlyCount "89"]
[EventDate "2010.01.11"]
[EventType "tourn"]
[EventRounds "9"]
[EventCountry "MNE"]
[SourceTitle "EXT 2012"]
[Source "ChessBase"]
[SourceDate "2011.11.24"]
[SourceVersion "1"]
[SourceVersionDate "2011.11.24"]
[SourceQuality "1"]

1. e4 c5 2. Nf3 d6 3. d4 cxd4 4. Nxd4 Nf6 5. Nc3 g6 6. Be3 Bg7 7. Qd2 0-0 8. 0-0-0 Nc6 9. f3 d5 10. exd5 Nxd5 11. Nxc6 bxc6 12. Nxd5 cxd5 13. Qxd5 Qc7 14. Qc5 Qb7 15. Qa3 Bf5 16. Bc4 Rfc8 17. Bb3 a5 18. Rd2 Rab8 19. Qa4 Be6 20. Rhd1 Qc7 21. Bf4 Be5 22. Bxe5 Qxe5 23. f4 Bxb3 24. axb3 Qc5 25. c3 e6 26. Kb1 Qb6 27. Ka2 h6 28. g4 Qc5 29. Rd7 Rf8 30. R1d2 Kh7 31. Qe4 Qb6 32. Qc2 Qc5 33. f5 exf5 34. R7d5 Qb6 35. gxf5 Rbd8 36. fxg6+ fxg6 37. Rd7+ Rxd7 38. Rxd7+ Kg8 39. Qd2 Qe6 40. Rd6 Qf7 41. Qxh6 Qf5 42. Rxg6+ Kf7 43. Rg7+ Ke8 44. Qc6+ Kd8 45. Qc7+ 1-0